000 00508nam a22001577a 4500
003 MACL
005 20160510125425.0
008 160510b xxu||||| |||| 00| 0 eng d
040 _cMACL
041 _aHindi
082 _a891.431 MUJ
100 _aमुजावर, सरदार
_955883
245 _aहिंदी की छायावदी गजल
_cसरदार मुजावर
260 _aनई दिल्‍ली
_bनवोदय सेल्‍स
_c2007
942 _2ddc
_cHIN
999 _c53942
_d53942